Normal view
MARC view
- الفقهاء المسلمون-العلماء-الكويت-تراجم-دحيان،عبد الله الخلف
Entry Topical Term
001 - CONTROL NUMBER
- control field: 43692
003 - CONTROL NUMBER IDENTIFIER
- control field: JO-AjAnu
005 - DATE AND TIME OF LATEST TRANSACTION
- control field: 20230606081235.0
008 - FIXED-LENGTH DATA ELEMENTS
- fixed length control field: 230606|| aca||aabn | a|a d
040 ## - CATALOGING SOURCE
- Original cataloging agency: JO-AjAnu
- Transcribing agency: JO-AjAnu
150 ## - HEADING--TOPICAL TERM
- Topical term or geographic name entry element: الفقهاء المسلمون-العلماء-الكويت-تراجم-دحيان،عبد الله الخلف
670 ## - SOURCE DATA FOUND
- Source citation: Work cat.: (JO-AjAnu)22369: العجمي، محمد بن ناصر, author 43691, علامة الكويت الشيخ عبد الله الخلف الدحيان :حياته ومراسلاته العلمية وآثاره